Ευνούχος = Eunuchus ; Φορμίων = Phormio ; Αδελφοί = Adelphoe /

Ο Τερέντιος στις τρεις του αυτές κωμωδίες (που οι δύο τους έχουν πρότυπο τις ομώνυμες του Μενάνδρου -Ευνούχος, Αδελφοί Β΄-, η τρίτη μιμείται το Φορμίωνα του Απολλοδώρου) απεικονίζει πώς το ελληνικό πνεύμα της επιείκειας αρχίζει να επηρεάζει (2ος αι. π.Χ.) τη ρωμαϊκή κοινωνία, ιδιαίτερα όσον αφορά τη...

Mô tả đầy đủ

Đã lưu trong:
Chi tiết về thư mục
Tác giả chính: Terentius Afer, Publius, 195-159 (Tác giả)
Tác giả khác: Σακελλαρίου, Αντώνιος Η. (Thông dịch viên)
Định dạng: Sách
Ngôn ngữ:Greek
Được phát hành: Αθήνα : Πατάκη, 2007
Loạt:Λατίνοι συγγραφείς
Những chủ đề:
LEADER 02020namaa2200277 4500
001 main_24765
003 GR-kkKDBK
005 20220220233920.0
006 a|||||r|||||||||||
008 090519s2007uuuugr# |||gr|||| 000|m gre d
020 |a 978-960-16-1915-6 
040 |a GR-kkKDBK  |b gre  |d GR-kkKDBK  |e AACR2 
082 0 |a 872 
100 1 |4 aut  |a Terentius Afer, Publius,  |d 195-159  |9 39358 
245 1 0 |a Ευνούχος =  |b Eunuchus ; Φορμίων = Phormio ; Αδελφοί = Adelphoe /  |c P. Terentius Afer ; εισαγωγή, μετάφραση, σχόλια Αντώνης Η. Σακελλαρίου 
260 |a Αθήνα :  |b Πατάκη,  |c 2007 
300 |a 490 σ. ;  |c 21 εκ. 
490 0 |a Λατίνοι συγγραφείς 
520 |a Ο Τερέντιος στις τρεις του αυτές κωμωδίες (που οι δύο τους έχουν πρότυπο τις ομώνυμες του Μενάνδρου -Ευνούχος, Αδελφοί Β΄-, η τρίτη μιμείται το Φορμίωνα του Απολλοδώρου) απεικονίζει πώς το ελληνικό πνεύμα της επιείκειας αρχίζει να επηρεάζει (2ος αι. π.Χ.) τη ρωμαϊκή κοινωνία, ιδιαίτερα όσον αφορά την αγωγή της νεολαίας. Ο Φορμίων (που τον μιμήθηκε ο Μολιέρος στις Πονηριές του Σκαπίνου) μεταφράζεται για πρώτη φορά στα ελληνικά. 
650 4 |a Λατινικό δράμα (Κωμωδία)  |9 63407 
700 1 |4 trl  |a Σακελλαρίου, Αντώνιος Η.  |9 42894 
700 1 |a Terentius Afer, Publius,  |d 195-159  |t Ευνούχος; Φορμίων ; Αδελφοί  |9 94420 
710 2 |4 pbl  |a Πατάκης  |9 26807 
942 |c BK 
999 |c 25697  |d 25697 
952 |0 0  |1 0  |4 0  |6 872_000000000000000_TER  |7 0  |9 36910  |a KDBK  |b KDBK  |d 2009-05-19  |e Δωρεά Όλγα Πασαλίδου  |i 01902009  |l 0  |o 872 TER  |p 01902009  |r 2019-04-28  |w 2019-04-28  |y BK